<The> SAGE handbook of industrial relations

Gespeichert in:
Bibliographische Detailangaben
Weitere Verfasser: Blyton, Paul
Format: Buch
Sprache:Englisch
Veröffentlicht: Los Angeles SAGE 2008
Schlagworte:
Tags: Tag hinzufügen
Keine Tags, Fügen Sie das erste Tag hinzu!

MARC

LEADER 00000nam$a2200000$$$4500
001 0095579
005 20240313133507.0
020 |a 978-1-4129-1154-2 
041 0 |a eng 
044 |a US 
245 1 0 |a <The> SAGE handbook of industrial relations  |c edited by: Paul Blyton ... [et al.] 
264 1 |a Los Angeles  |b SAGE  |c 2008 
300 |a 669 s. 
610 2 0 |a pomer pracovný 
610 2 0 |a práca 
610 2 0 |a industrial relations 
610 2 0 |a výskum 
610 2 0 |a konflikty 
610 2 0 |a zdroje ľudské 
610 2 0 |a zamestnanci 
610 2 0 |a vzťahy pracovnoprávne 
610 2 0 |a ochrana pracovníkov 
610 2 0 |a zväzy zamestnávateľov 
610 2 0 |a politika sociálna 
610 2 0 |a produkty 
610 2 0 |a organizácie zamestnávateľov 
610 2 0 |a trh práce 
700 1 |a Blyton, Paul